Investoři mají rádi jasno. K přílivu zahraničního kapitálu do ČSFR.

Hospodársky vzostup môžu zabezpečiť nové kapitálové investície zahraničných subjektov vo forme peňažných prostriedkov a výrobného potenciálu. Najvhodnejšou formou je spájanie štátneho majetku so zahraničným kapitálom, t.j. vytváranie zmiešaných spoločností odkúpením časti majetku. Možnosti zakladani...

Descripción completa

Guardado en:
Detalles Bibliográficos
Autor principal: Plandorová, Helena
Otros Autores: Minčič, L.
Formato: Capítulo de libro
Lenguaje:checo
Materias:
Etiquetas: Agregar Etiqueta
Sin Etiquetas, Sea el primero en etiquetar este registro!

MARC

LEADER 00000naa a2200000 4500
001 r006097
005 20221125080022.7
041 0 |a cze 
044 |a [CS] 
245 1 0 |a Investoři mají rádi jasno.  |b K přílivu zahraničního kapitálu do ČSFR.  |c H. Plandorová, L. Minčič 
520 |a Hospodársky vzostup môžu zabezpečiť nové kapitálové investície zahraničných subjektov vo forme peňažných prostriedkov a výrobného potenciálu. Najvhodnejšou formou je spájanie štátneho majetku so zahraničným kapitálom, t.j. vytváranie zmiešaných spoločností odkúpením časti majetku. Možnosti zakladania a pôsobenia joint ventures. Prekážky zakladania. Kroky na uľahčenie prílevu zahraničného kapitálu. 
610 2 0 |a kapitál zahraničný 
610 2 0 |a investície zahraničné 
610 2 0 |a podnik spoločný 
610 2 0 |a ČSFR 
610 2 0 |a spoločnosti zmiešané 
610 2 0 |a joint ventures 
100 1 |a Plandorová, Helena 
700 1 |a Minčič, L.